000 00380nam a2200145Ia 4500
008 100415s9999 xx 000 0 und d
082 _b7230
100 _aBlatter, E.
245 _aSome beautiful Indian trees
260 _aLONDON
_c1954
_bWHELDON AND WESLEY
365 _b0
630 _aSome beautiful Indian trees
730 _aSome beautiful Indian trees
942 _cBOOK
999 _c590188
_d590185